Informe de labores del secretario de relaciones exteriores
Spremljeno u:
| Format: | Tekst |
|---|---|
| Izdano: |
s.l.:
s.e.
|
| Oznake: |
Dodaj oznaku
Bez oznaka, Budi prvi tko označuje ovaj zapis!
|
MARC
| LEADER | 00000 a a2200000 04500 | ||
|---|---|---|---|
| 001 | 21603 | ||
| 003 | |||
| 040 | |a CRAI/IIS |c CRAI/IIS | ||
| 090 | |a 096000 | ||
| 245 | |a Informe de labores del secretario de relaciones exteriores | ||
| 260 | |a s.l.: |b s.e. | ||
| 300 | |a s.p. | ||
| 999 | |c 16592 |d 16592 | ||
